| 000 | 00727nam a22002177a 4500 | ||
|---|---|---|---|
| 008 | 090205t xxu||||| |||| 00| 0 eng d | ||
| 010 | _aENG-92860 | ||
| 020 |
_c190.00 _a9788189840815 |
||
| 035 | _aEN-76393 | ||
| 037 | _bDBAD / PUB | ||
| 040 |
_adpl _bEnglish |
||
| 082 | _a621 | ||
| 100 | _aRaja, M. | ||
| 245 |
_aApplied physics / _cby M. Raja |
||
| 260 |
_aErode _bPallavi Pathippagam _c2008 |
||
| 270 |
_a194, Kanna Complex, Mettur Road, _bErode _e11 |
||
| 300 |
_aVarious pagings _c22cm (pbk) |
||
| 650 | _aPhysics. | ||
| 942 |
_2ddc _cEN _mRAJ _h621 |
||
| 999 |
_c23093 _d23093 |
||